| 000 | 00811 a2200241 4500 | ||
|---|---|---|---|
| 010 | _aENG-85837 | ||
| 020 |
_a8120330455 _c595.00 |
||
| 035 | _aEN-69370 | ||
| 037 | _bD.B.Act / Pub | ||
| 082 | 1 | 4 | _a621.382 |
| 090 |
_c3593 _d3593 |
||
| 100 | 1 | _aBeasley, Jeffrey S. | |
| 245 | 1 | 0 |
_aModern electronic communication _cJeffrey S. Beasley, Gary M. Miller. |
| 250 | _a8th ed. | ||
| 260 |
_aNew Delhi _bPrentice-Hall of India _c2006 |
||
| 300 |
_axxxi, 923 p. _bill. (some col.) _c25 cm. (pbk) _e1 CD-ROM (4 3/4 in.) |
||
| 500 | _aMiller's name appears first on earlier ed. | ||
| 500 | _aIncludes index. | ||
| 650 | 0 | _aTelecommunication. | |
| 700 | 1 |
_aMiller, Gary M., _d1941- |
|
| 942 |
_adpl _cEN _k621.382 / BEA |
||
| 999 |
_c3522 _d3522 |
||